000
00243nam a2200109Ia 4500
008
190216s9999||||xx |||||||||||||| ||und||
100
_a
Lawrence D H
245
0
_a
Sea And Sardinia
260
_b
Penguin Books
650
_a
English
942
_c
BK
999
_c
12663
_d
12663